[Event "Moscow-chW 2019"]
[Site "Moscow"]
[Date "2019.03.31"]
[Round "2.19"]
[White "Komarova, Viktoria"]
[Black "Seregina, Maria"]
[Result "0-1"]
[WhiteElo "1567"]
[BlackElo "1853"]
[Annotator "NA RC"]
[PlyCount "78"]
[EventDate "2019.03.30"]
[EventType "swiss"]
[EventCountry "RUS"]
[SourceTitle "playchess.com"]
[Source "ChessBase"]
[SourceQuality "1"]
[TimeControl "5400+30"]

1. d4 g6 2. c4 Bg7 3. Nc3 c5 4. e3 cxd4 5. exd4 d6 6. h3 Nc6 7. Nf3 Qb6 8. Nd5 Qd8 9. Be3 Nh6 10. Bd3 Nf5 11. Bxf5 Bxf5 12. O-O O-O 13. Nc3 h6 14. Rc1 g5 15. g4 Bd7 16. d5 Na5 17. Bd4 f6 18. Qd3 e5 19. dxe6 Bxe6 20. b3 Nc6 21. Rce1 Qd7 22. Nh2 Nxd4 23. Qxd4 f5 24. Qd3 fxg4 25. hxg4 Bxg4 26. f4 Bh3 27. Rf3 g4 28. Rfe3 Bxc3 29. Re7 Qf5 30. Qxc3 Qc5+ 31. Kh1 Qc6+ 32. R1e4 Rf7 33. Nxg4 Rxe7 34. Nxh6+ Kh7 35. Qxh3 Qxe4+ 36. Kh2 Qxf4+ 37. Kg2 Re2+ 38. Kh1 Qc1+ 39. Qf1 Qxf1# 0-1

[Event "Moscow-chW 2019"]
[Site "Moscow"]
[Date "2019.03.31"]
[Round "2.20"]
[White "Zakharova, Anna"]
[Black "Eremina, Viktoria"]
[Result "1-0"]
[WhiteElo "1820"]
[BlackElo "1426"]
[Annotator "NA RC"]
[PlyCount "53"]
[EventDate "2019.03.30"]
[EventType "swiss"]
[EventCountry "RUS"]
[SourceTitle "playchess.com"]
[Source "ChessBase"]
[SourceQuality "1"]
[TimeControl "5400+30"]

1. e4 c6 2. d4 d5 3. Nd2 dxe4 4. Nxe4 Bf5 5. Ng3 Bg6 6. Bc4 Nf6 7. N1e2 e6 8. h4 h6 9. Nf4 Bh7 10. Qe2 Qd7 11. O-O Bd6 12. Ngh5 Nxh5 13. Nxh5 O-O 14. Bxh6 Bg6 15. Bg5 Be7 16. c3 Bxg5 17. hxg5 Qe7 18. Qg4 Nd7 19. Rfe1 Qd8 20. Nf4 Bf5 21. Qh4 Qc7 22. g3 Nb6 23. Bb3 Nd5 24. Nxd5 exd5 25. Kg2 Be4+ 26. Rxe4 dxe4 27. Rh1 1-0

[Event "Moscow-chW 2019"]
[Site "Moscow"]
[Date "2019.03.31"]
[Round "2.21"]
[White "Soblirova, Sabina"]
[Black "Sayafarova, Anna"]
[Result "0-1"]
[WhiteElo "1516"]
[BlackElo "1789"]
[Annotator "NA RC"]
[PlyCount "124"]
[EventDate "2019.03.30"]
[EventType "swiss"]
[EventCountry "RUS"]
[SourceTitle "playchess.com"]
[Source "ChessBase"]
[SourceQuality "1"]
[TimeControl "5400+30"]

1. d4 d5 2. c4 dxc4 3. e3 Nf6 4. Bxc4 e6 5. Nf3 Be7 6. O-O O-O 7. Qe2 c5 8. dxc5 Bxc5 9. Rd1 Qc7 10. b3 b6 11. Bb2 Nbd7 12. Nbd2 Bb7 13. Rac1 Rac8 14. Bd3 Qb8 15. Nc4 Rfd8 16. Nfe5 Be7 17. Nxd7 Nxd7 18. Qh5 g6 19. Qh3 Bf6 20. Bxf6 Nxf6 21. Qh4 Kg7 22. e4 Rd4 23. Bc2 Rcd8 24. Rxd4 Rxd4 25. f3 Ba6 26. Qf2 e5 27. Rd1 Rxd1+ 28. Bxd1 Bxc4 29. bxc4 Qd6 30. Bb3 Nd7 31. g3 Nc5 32. Bc2 Ne6 33. Kg2 Qb4 34. Bb3 Nd4 35. Qe3 h6 36. f4 f6 37. h4 a5 38. g4 a4 39. Bd1 Qxc4 40. g5 Qxa2+ 41. Kg3 hxg5 42. fxg5 f5 43. Qc3 f4+ 44. Kh3 Qe6+ 45. Kg2 Qd7 46. Qb4 b5 47. Qc5 Qe6 48. Qc7+ Kf8 49. Qb8+ Kf7 50. Qc7+ Qe7 51. Qb6 a3 52. Qa6 b4 53. Qc4+ Kg7 54. Qd5 Qc7 55. Kf2 b3 56. Bxb3 Nxb3 57. Qxb3 Qa7+ 58. Kg2 a2 59. Qe6 a1=Q 60. Qf6+ Kh7 61. h5 Q7g1+ 62. Kh3 Qg3# 0-1

[Event "Moscow-chW 2019"]
[Site "Moscow"]
[Date "2019.03.31"]
[Round "2.22"]
[White "Kruglikova, Viktorija"]
[Black "Zaytseva, Dariya"]
[Result "1-0"]
[WhiteElo "1786"]
[BlackElo "1350"]
[Annotator "NA RC"]
[PlyCount "97"]
[EventDate "2019.03.30"]
[EventType "swiss"]
[EventCountry "RUS"]
[SourceTitle "playchess.com"]
[Source "ChessBase"]
[SourceQuality "1"]
[TimeControl "5400+30"]

1. e4 e6 2. d4 d5 3. e5 c5 4. c3 Nc6 5. Nf3 Bd7 6. Bd3 Qc7 7. O-O Nge7 8. a3 Ng6 9. b4 b6 10. Be3 cxd4 11. cxd4 Be7 12. Nbd2 O-O 13. Rc1 Qb7 14. Nb3 Rac8 15. Qe2 Nb8 16. Ng5 h6 17. Nf3 Rc7 18. Qd2 Rfc8 19. h4 Bf8 20. g4 Ba4 21. Rxc7 Rxc7 22. Nc1 Qc8 23. g5 Bc2 24. gxh6 Bxd3 25. Nxd3 Rc2 26. Rc1 Rxc1+ 27. Nxc1 gxh6 28. Bxh6 Qd8 29. Bxf8 Qxf8 30. Qg5 Nd7 31. h5 Kh8 32. hxg6 fxg6 33. Nh4 Qg8 34. Nxg6+ Kh7 35. Qh5+ Kg7 36. Kf1 Nf8 37. Ne7 Qf7 38. Qxf7+ Kxf7 39. Nc8 a6 40. Nxb6 Ng6 41. Nd3 Ne7 42. Nc5 a5 43. b5 Ng6 44. Nc8 Ne7 45. Nxe7 Kxe7 46. b6 Kd8 47. Nxe6+ Kd7 48. Nc5+ Kc8 49. e6 1-0

[Event "Moscow-chW 2019"]
[Site "Moscow"]
[Date "2019.03.31"]
[Round "2.23"]
[White "Petrova, Elizaveta"]
[Black "Zakharova, Oksana"]
[Result "0-1"]
[WhiteElo "1570"]
[BlackElo "1751"]
[Annotator "NA RC"]
[PlyCount "154"]
[EventDate "2019.03.30"]
[EventType "swiss"]
[EventCountry "RUS"]
[SourceTitle "playchess.com"]
[Source "ChessBase"]
[SourceQuality "1"]
[TimeControl "5400+30"]

1. d4 Nf6 2. c4 e6 3. Nf3 Bb4+ 4. Bd2 Bxd2+ 5. Nbxd2 O-O 6. e3 d6 7. Be2 Nbd7 8. O-O e5 9. d5 Re8 10. e4 Nf8 11. b4 Qe7 12. Qc2 Ng6 13. c5 Nf4 14. Nb3 N6h5 15. Bb5 Rd8 16. Rfe1 Bg4 17. Qc3 Qf6 18. Nbd2 Qg6 19. g3 Nh3+ 20. Kf1 f5 21. Ng1 Nxg1 22. Kxg1 fxe4 23. Nxe4 Rf8 24. Re3 Bf5 25. Qe1 Nf4 26. Bf1 Nxd5 27. Bc4 Be6 28. Bxd5 Bxd5 29. cxd6 cxd6 30. Rd1 Bxe4 31. Rxe4 Rad8 32. Qe3 Qf5 33. Re1 h6 34. Qb3+ Kh8 35. R1e2 Rf6 36. a4 Rc8 37. Qe3 Rf7 38. Kg2 b6 39. a5 bxa5 40. bxa5 Rfc7 41. Rd2 Rc3 42. Qe2 Qf6 43. Re3 R3c5 44. a6 Rc1 45. Rd1 Rxd1 46. Qxd1 Qe6 47. Rd3 Rc6 48. Rb3 d5 49. Rb8+ Kh7 50. Qb1+ e4 51. Rb7 Rxa6 52. Qd1 Qf5 53. Qd4 Rf6 54. Rb3 a5 55. Ra3 Ra6 56. h4 Qe6 57. Ra4 Qc6 58. Ra3 a4 59. g4 Qb5 60. g5 h5 61. Qd1 Kg6 62. Kg3 Qc4 63. f4 d4 64. f5+ Kxf5 65. Qxh5 Qc7+ 66. Kh3 e3 67. Qg4+ Kg6 68. Qe4+ Kf7 69. Qd5+ Ke7 70. Qe4+ Kf8 71. Qf5+ Kg8 72. Qd5+ Qf7 73. Qd8+ Qf8 74. Qd5+ Kh8 75. Qxd4 Qxa3 76. Qd8+ Kh7 77. g6+ Rxg6 0-1

[Event "Moscow-chW 2019"]
[Site "Moscow"]
[Date "2019.04.01"]
[Round "3.1"]
[White "Afanasieva, Alexandra"]
[Black "Diakonova, Ekaterina"]
[Result "1/2-1/2"]
[WhiteElo "2093"]
[BlackElo "2214"]
[Annotator "TA"]
[PlyCount "117"]
[EventDate "2019.03.30"]
[EventType "swiss"]
[EventCountry "RUS"]
[SourceTitle "playchess.com"]
[Source "ChessBase"]
[SourceQuality "1"]

{[%evp 24,117,22,0,0,-10,0,0,-7,-44,-39,-83,-42,-47,-48,-46,125,118,108,52,89,83,78,72,85,93,155,141,161,141,145,108,172,116,143,153,146,143,147,138,130,41,93,0,106,0,90,62,59,50,52,-55,-55,-59,-52,-70,-70,-70,5,37,392,386,376,106,103,12,10,0,138,88,107,0,0,0,0,0,27,0,0,0,0,0,0,0,0,0,0,0,0,0,0,0,0,0,0,0]} 1. e4 c6 2. d4 d5 3. Nc3 dxe4 4. Nxe4 Bf5 5. Ng3 Bg6 6. h4 h6 7. Nf3 Nd7 8. h5 Bh7 9. Bd3 Bxd3 10. Qxd3 e6 11. Bd2 Ngf6 12. O-O-O Be7 13. Kb1 Qb6 {B19: Classical Caro-Kann: 4...Bf5 main line} (13... O-O 14. Ne4 c5 15. g4 Nxg4 16. Qe2 Qb6 17. Ne5 Ndxe5 18. dxe5 f5 19. exf6 Nxf6 20. Nc3 Rad8 21. Rhg1 Kh8 22. Rg6 {½-½ (38) Saric,I (2662)-Nisipeanu,L (2672) Heraklio 2017}) 14. c4 Rd8 15. Qe2 O-O 16. Bc1 Rfe8 17. Qc2 $146 ({Predecessor:} 17. Ne5 c5 18. Be3 cxd4 19. Bxd4 Bc5 20. Nxd7 Nxd7 21. Bc3 {0-1 (76) Kovalev,A (2484)-Gunina,V (2528) Jurmala 2015}) 17... Qc7 18. Ne2 c5 19. g4 Nxg4 $2 (19... cxd4 $15 20. Nexd4 Nxg4) 20. Rdg1 $16 f5 21. Nf4 (21. d5 $16) 21... Bd6 {[#]} 22. Nxe6 $1 {[%mdl 576] Remove Defender, Decoy} Rxe6 23. Qxf5 {[%mdl 64] Double Attack} Rf6 24. Qxg4 {[%csl Gg1][%cal Rg4g7]} Nb6 (24... Bf8 $142) 25. d5 Bf4 26. Nd2 Rf7 27. Re1 Na4 (27... Nd7 $16 {was called for.}) 28. Qe6 (28. Re4 $18) 28... b5 29. Rhg1 Kh8 30. Ne4 Bxc1 31. Rxc1 Re7 32. Qf5 (32. d6 $16 Rxe6 33. dxc7) 32... Rf7 (32... Qe5 $14 33. Qxe5 Rxe5) 33. Qe6 Re7 $1 {[%cal Re7e6]} 34. Qf5 {Black must now prevent d6.} Rf7 35. Qg6 $40 {[%mdl 128] Threatens to win with d6. Black needs to defend precisely.} Qe5 {[%csl Ga4][%cal Re5b2]} 36. Rc2 Rf4 37. Rg4 (37. Re2 $14 Rg8 38. cxb5) 37... Rxg4 $15 38. Qxg4 bxc4 {Strongly threatening ...Rb8.} 39. d6 Rb8 {[%cal Ra4b2]} 40. Qe2 Qd4 ({Black should play} 40... Nxb2 $1 $15 41. Rxb2 Rxb2+ 42. Qxb2 Qxe4+ 43. Qc2 Qe1+ 44. Qc1 Qxf2 45. Qxc4 Qg1+ 46. Qc1 Qd4) 41. Kc1 $11 Nb6 $2 {[%mdl 8192]} (41... c3 $1 $14 42. bxc3 Qe5) 42. Rd2 $18 Qe5 43. Nc3 $2 (43. d7 $18 {and the rest is easy.} Rd8 {[#]} 44. Nxc5 $1 {[%mdl 512]} Qxe2 45. Rxe2 Nxd7 46. Rd2) 43... Qf5 $16 44. Qd1 (44. Qe4 $16 Qh3 45. Ne2) 44... Nd7 $11 {White should prevent ...Ne5.} 45. Qe2 Rf8 (45... Ne5 $11 {keeps the balance.} 46. d7 Nxd7) 46. Qxc4 Qxh5 47. Qd5 ({White should try} 47. Qa4 $16 Qf7 48. Qxa7) 47... Qxd5 48. Nxd5 {[%mdl 4096] Endgame KRN-KRN} h5 49. f4 g6 50. Rg2 Kh7 {The position is equal.} 51. Rg5 Kh6 52. Ne7 Rxf4 53. Rxg6+ Kh7 54. Rg5 h4 55. Rh5+ Kg7 56. Rxh4 {[%mdl 64] Decoy} Rxh4 57. Nf5+ {[%mdl 64] Double Attack} Kf6 58. Nxh4 Ke5 59. Nf3+ {Accuracy: White = 43%, Black = 60%.} 1/2-1/2

[Event "Moscow-chW 2019"]
[Site "Moscow"]
[Date "2019.04.01"]
[Round "3.2"]
[White "Utiatskaja, Irina"]
[Black "Zaitseva, Lyudmila"]
[Result "1-0"]
[WhiteElo "2210"]
[BlackElo "1926"]
[Annotator "TA"]
[PlyCount "127"]
[EventDate "2019.03.30"]
[EventType "swiss"]
[EventCountry "RUS"]
[SourceTitle "playchess.com"]
[Source "ChessBase"]
[SourceQuality "1"]

{[%evp 10,127,54,36,55,41,70,62,62,44,44,39,56,52,59,66,52,39,56,27,38,22,47,41,34,37,57,17,25,32,37,22,16,2,27,35,22,18,51,51,60,47,45,41,46,21,74,19,20,17,8,7,54,15,78,83,133,132,139,124,165,172,187,86,112,141,187,181,281,281,265,228,226,221,213,118,113,113,120,115,114,108,131,127,151,132,258,258,302,298,402,403,446,387,553,552,547,544,547,544,548,539,620,612,1681,1665,2378,2335,2131,1842,2036,1841,1402,1320,12848,10736,6111,6129,29981,4702]} 1. Nf3 Nf6 2. c4 g6 3. Nc3 Bg7 4. e4 O-O 5. d4 c6 6. Bd3 d5 {E70: King's Indian: Miscellaneous lines with 4 e4, including 5 Nge2 and 5 Bd3 0-0 6 Nge2} 7. cxd5 cxd5 8. e5 Ne8 {White is slightly better.} 9. h3 Nc6 10. O-O Nc7 11. Re1 f6 12. exf6 exf6 13. Be3 $146 ({Predecessor:} 13. Bf4 Ne6 14. Bg3 {1-0 (29) Matviishen,V (2439)-Bernadskiy,V (2588) Lutsk 2018}) 13... Be6 14. Qd2 Re8 15. Na4 b6 16. Rac1 Na5 17. b3 Rc8 18. Bh6 Nb7 19. Nc3 Nd6 20. Bxg7 Kxg7 21. Nh2 Qd7 22. Nf1 Bf5 23. Be2 Qf7 24. Ne3 Be6 25. Qb2 Nf5 26. Nxf5+ Bxf5 27. Bf3 Be6 (27... Qd7 $11) 28. Re3 (28. Qa3 $16) 28... Qd7 $11 29. Qa3 a5 30. Rce1 Kf7 31. Qb2 Bf5 (31... Qd6 $11 {remains equal.}) 32. b4 $16 Qc6 33. bxa5 bxa5 34. Qa3 Be6 35. Rb1 {[%cal Be1b1,Bb1b7,Bb7b6,Bb6d6][%mdl 32]} ({Inferior is} 35. Qxa5 Ra8 $11) 35... Ra8 36. Qa4 (36. Rc1 $18 Qd7 37. Na4) 36... Qd6 37. Rb7 Re7 {[#]} 38. Qb3 $1 {And now Bxd5! would win.} Rd8 (38... Kg7 {was called for.} 39. Rb6 Qd7) 39. Rb6 $18 Qd7 40. Qa3 Ra8 41. Rd6 Qe8 42. Bxd5 (42. Qc5 $18 {[%cal Rc3d5]} Ra6 43. Rxa6 (43. Bxd5 Rxd6 44. Qxd6 Nxd5 $11) 43... Nxa6 44. Qxa5) 42... Bxd5 43. Nxd5 Nxd5 44. Rxd5 Rxe3 45. Qxe3 Qxe3 46. fxe3 {[%mdl 4096] Endgame KR-KR} Ke6 47. Rb5 f5 (47... a4 $16 {was necessary.}) 48. a4 Ra7 49. Kf2 Kd6 50. Kf3 Kc6 51. Kf4 Kd6 (51... Ra8 {might work better.} 52. g4 fxg4 53. hxg4 Kc7) 52. g4 fxg4 53. hxg4 Rf7+ 54. Ke4 Ra7 55. Kd3 Ke6 56. e4 Kf6 57. g5+ Ke6 58. Rb6+ Kd7 59. d5 Rc7 60. Ra6 Rc1 61. Kd4 Rg1 62. Ra7+ Kd8 63. Ke5 Rxg5+ 64. Ke6 {Accuracy: White = 65%, Black = 37%.} (64. Kd6 $142 Kc8 65. e5 Rg4 66. e6 Rxa4 67. Rxh7 Re4 68. Rh8+ Kb7 69. e7) 1-0

[Event "Moscow-chW 2019"]
[Site "Moscow"]
[Date "2019.04.01"]
[Round "3.3"]
[White "Zotova, Anastasia"]
[Black "Davydova, Kira"]
[Result "1/2-1/2"]
[WhiteElo "2148"]
[BlackElo "1901"]
[Annotator "TA"]
[PlyCount "109"]
[EventDate "2019.03.30"]
[EventType "swiss"]
[EventCountry "RUS"]
[SourceTitle "playchess.com"]
[Source "ChessBase"]
[SourceQuality "1"]

{[%evp 11,109,5,22,-2,16,20,24,-5,26,-2,20,21,23,-5,-19,-9,-4,-11,0,0,0,0,0,0,0,-16,-16,-16,-4,-39,-22,-30,-26,-25,-25,-15,-25,-20,-9,-64,-2,-13,-13,-77,-75,-70,-80,-457,-448,-408,-354,-454,-481,-426,-450,-451,-453,-481,-471,-936,-855,-1031,-1026,-1110,-1110,-1089,-1026,-1026,-1026,-1026,-945,-945,-945,-945,-945,-847,-332,-340,-299,-321,-144,-144,-144,-144,-144,-144,-144,-144,-144,-144,-144,-283,-144,-315,-315,-315,-258,-258,-258,-258]} 1. e4 d6 2. d4 g6 3. Nc3 Bg7 4. f4 a6 5. Nf3 b5 6. a3 Bb7 7. Be3 {B06: Modern Defence} Nf6 (7... Nd7 8. Be2 c5 9. dxc5 Nxc5 10. e5 Nh6 11. exd6 exd6 12. Bd4 O-O 13. Bxg7 Kxg7 {0-1 (44) Potapov,P (2516)-Petrosian,T (2598) St Petersburg 2018}) 8. Bd3 O-O 9. O-O {White has an edge.} Ng4 10. Bc1 $146 ({Predecessor:} 10. Bd2 c5 11. e5 cxd4 12. Nxd4 dxe5 13. Qxg4 Qxd4+ {0-1 (30) Zarow,Z (2016)-Cylwik,Z (2017) Rowy 2009}) 10... c5 11. dxc5 dxc5 {And now ...Qb6 would win.} 12. Qe1 c4 13. Be2 Qb6+ 14. Kh1 Nd7 15. Qh4 Ne3 16. Bxe3 $1 Qxe3 {[%mdl 64] [#] Double Attack} 17. e5 f6 18. Rfe1 Qb6 {[%cal Rf6e5]} 19. Rad1 Nc5 20. a4 Rad8 (20... Ne6 {keeps more tension.} 21. axb5 axb5 22. Nxb5 Qxb5 23. f5 Bxf3 24. Bxf3 g5) 21. axb5 axb5 22. Rxd8 Rxd8 23. exf6 exf6 24. f5 g5 25. Qg4 (25. Qh5 $11) 25... Bc6 (25... Kh8 $1 $15 26. Bf1 Bf8) 26. h3 Qb7 $36 {[%mdl 2048] Black has some pressure.} 27. Bf1 (27. h4 $11 {remains equal.}) 27... Qf7 $17 28. Nd4 h5 29. Nxc6 $4 {[%mdl 8192]} (29. Qd1 $17 {nothing else works.}) 29... hxg4 $19 30. Nxd8 Qd7 31. Ne6 Qd2 32. Rd1 Qf2 33. Nxc5 Qxc5 34. hxg4 Bf8 35. Be2 (35. Ne4 $142 Qe5 36. Re1) 35... Qf2 36. Rd8 Kf7 {( -> ...Qh4+)} 37. Rd7+ Ke8 38. Rd5 Bc5 39. Rxc5 Qxc5 40. Bf3 b4 41. Ne4 Qe5 42. c3 b3 43. Kg1 Kf7 $2 (43... Qf4 44. Nxf6+ Kf7) 44. Kf2 Kg7 45. Nd2 Qd6 (45... Qc5+ $19 {has better winning chances.} 46. Ke1 Kf8) 46. Nxc4 $17 Qd3 47. Be2 Qe4 48. Kf1 Qf4+ 49. Ke1 Kf8 50. Nd2 Qa4 {Threatens to win with ...Qa1+.} 51. Bd1 (51. Nc4 $17 {might work better.}) 51... Qa1 ({Better is} 51... Qa8 $19 52. g3 Qg2) 52. Nxb3 $2 (52. Nc4 $17) 52... Qxb2 $19 {[%mdl 64] [#] Double Attack. Black has a decisive advantage.} 53. Nd2 Qxc3 54. Bf3 Ke7 55. Ke2 {[%mdl 32768] Accuracy: White = 44%, Black = 50%. . An unexpected result.} 1/2-1/2

[Event "Moscow-chW 2019"]
[Site "Moscow"]
[Date "2019.04.01"]
[Round "3.4"]
[White "Charochkina, Daria"]
[Black "Kirchei, Viktoriia"]
[Result "1-0"]
[WhiteElo "2330"]
[BlackElo "2086"]
[Annotator "TA"]
[PlyCount "117"]
[EventDate "2019.03.30"]
[EventType "swiss"]
[EventCountry "RUS"]
[SourceTitle "playchess.com"]
[Source "ChessBase"]
[SourceQuality "1"]

{[%evp 14,116,10,-19,25,10,21,10,22,-6,23,-2,18,6,25,10,17,-73,-62,-69,-50,-36,-49,-104,-145,-136,-153,-200,-200,-182,-195,-173,-99,-145,-160,-215,-113,-138,-95,-258,-151,-187,-139,-149,-136,-153,-66,-181,-68,-262,-183,-258,-169,-340,-327,-321,421,400,612,422,858,792,1066,833,1087,643,596,485,29992,343,347,329,346,281,302,267,580,646,622,637,635,635,729,727,4133,4133,4133,4133,4133,4133,4116,997,29986,29980,29991,29981,29991,29982,29971,11865,29982,29983,29986,29987,29999]} 1. d4 Nf6 2. Nf3 e6 3. b3 d5 4. Bb2 c5 5. e3 Nc6 6. Bd3 Bd6 7. O-O O-O 8. Ne5 Nd7 {D05: Colle System with ...e6} (8... cxd4 9. exd4 Qc7 10. Qe2 Nb4 11. Rc1 Nxd3 12. cxd3 Qe7 13. Nc3 Bd7 14. a4 Rfc8 15. Nxd7 Qxd7 16. Nb5 {1-0 (55) Cruz Lledo,P (2432)-Santos Ruiz,M (2517) Linares 2018}) 9. f4 cxd4 10. exd4 f5 {The position is equal.} 11. c4 $146 ({Predecessor:} 11. Nd2 Ncxe5 12. fxe5 Be7 13. Nf3 g5 14. Bc1 g4 15. Ne1 {0-1 (36) Petruzalek,R (1662)-Jares,J (1996) Koh Lanta Island 2012}) 11... Nf6 12. c5 Bc7 13. Nd2 Nxe5 14. dxe5 Ne4 15. Bxe4 (15. Nxe4 $11 {keeps the balance.} fxe4 16. Be2) 15... fxe4 $17 16. b4 b6 17. Nb3 a5 18. Bc3 (18. a3 $15) 18... Ba6 19. Rf2 Bc4 20. Nd4 Qe7 $1 21. cxb6 Bxb6 22. bxa5 {[#]} Bc5 (22... Bxa5 23. Bxa5 e3 24. Re2 $11) (22... Ba7 $1 $19 23. Kh1 Bd3) 23. Qd2 Bd3 24. Qe3 (24. Kh1 $17 {was worth a try.}) 24... Rfc8 ({Black should play} 24... Ba7 $19 {White must now prevent ...Rac8.} 25. Bb2 Qb4) 25. f5 exf5 26. Rd1 $2 (26. Nxf5 $17 Qa7 27. Bd4) 26... Rf8 (26... g6 $19 {Strongly threatening ...Ba7.} 27. Rfd2 Ba6) 27. Kh1 Rae8 28. e6 Qf6 $36 {[%mdl 2048] Black is on the roll.} 29. g3 Rb8 (29... Rc8 $17 {aiming for ...Ba7.} 30. Bb2 Rb8) 30. a6 (30. Rxd3 $15 exd3 31. Qxd3) 30... Rbc8 ({Black should try} 30... Bxa6 $19 {And now ...Qxe6! would win.} 31. Qd2 Qg6) 31. e7 $2 (31. Rxd3 $15 exd3 32. Qxd3) 31... Rfe8 (31... Bxe7 32. Rxd3 exd3 33. Qxd3 $17) 32. g4 (32. Rxd3 $142 exd3 33. Qxd3 Qxe7 34. Re2) 32... Qxe7 {...Ba7 is the strong threat.} 33. Rxf5 $2 (33. gxf5 {keeps fighting.} Qf6 34. Rg2) 33... Ba7 $19 ({Don't do} 33... Bxa6 34. Rxd5 Bd3 35. Bb2 $19) 34. Ba1 Rf8 $4 {[%mdl 8192]} ({But not} 34... Bxa6 35. Rxd5 Bc4 36. Ra5 $19) (34... Rc4 $19 {and all is fine. Threatens to win with ...Qd7.} 35. Re1 Ra4 {[%mdl 64] Discovered Attack}) 35. Rxd3 $18 {[%cal Bd1d3,Bd3c3,Bc3c1,Bc1g1][%mdl 96] Pin} Rxf5 (35... Rc2 $142 36. Rd1 Rxf5 37. Nxf5 Qc7) 36. gxf5 Qh4 (36... Qd6 $142) 37. Rc3 Rb8 38. Rc1 Qf6 39. a3 Qxa6 40. Rg1 Qd3 (40... Rb7 $18 41. Qg5 Rd7) 41. Qxd3 $2 (41. Qh6 {mates} Qg3 42. Rxg3 g6 {[#]} 43. Nb5 $1 {[%mdl 512]} Rb7 44. Rc3 Rc7 45. Rxc7 Bd4 46. Qxh7+ Kf8 47. Qf7#) 41... exd3 42. Rd1 Bc5 43. Kg2 Bxa3 44. Rxd3 Bd6 $2 (44... Bb2 45. Nc6 Rb7 46. Bxb2 (46. Rxd5 Bxa1 47. Nd8 Ra7 $11) 46... Rxb2+ 47. Kg3 Kf8 48. Rxd5 Kf7 49. Ne5+ Ke7) 45. Ne6 Ra8 46. Bxg7 Ra2+ 47. Kf3 Bxh2 48. Rxd5 {Hoping for Rd7.} Ra3+ 49. Kg2 Ra2+ 50. Kh3 Bg1 51. Be5 {White wants to mate with Rd8+.} Bb6 52. Rd6 Ra3+ 53. Kg4 Bf2 54. Rd8+ Kf7 55. Rd7+ Ke8 56. Rxh7 Ra4+ 57. Kg5 {White mates.} Ra5 58. Kf6 {[%csl Gf6][%cal Rh7e7]} Be1 59. Re7# {Accuracy: White = 39%, Black = 30%.} 1-0

[Event "Moscow-chW 2019"]
[Site "Moscow"]
[Date "2019.04.02"]
[Round "4.1"]
[White "Charochkina, Daria"]
[Black "Utiatskaja, Irina"]
[Result "1/2-1/2"]
[WhiteElo "2330"]
[BlackElo "2210"]
[Annotator "TA"]
[PlyCount "127"]
[EventDate "2019.03.30"]
[EventType "swiss"]
[EventCountry "RUS"]
[SourceTitle "playchess.com"]
[Source "ChessBase"]
[SourceQuality "1"]

{[%evp 12,127,31,18,14,13,47,30,49,51,48,50,49,34,52,52,48,49,54,41,49,40,36,48,56,34,28,-15,-22,-21,-9,-46,-26,-57,-38,-38,-25,-35,-25,-42,-38,-69,-5,-11,2,7,9,0,0,0,0,0,0,0,0,0,0,-39,0,0,0,0,53,13,52,52,63,70,66,0,0,0,0,0,9,9,18,18,28,0,8,8,8,8,8,0,18,0,0,0,0,0,0,-8,0,-8,0,0,0,-8,0,0,0,0,168,0,0,0,189,0,0,0,0,0,0,0,0,0]} 1. c4 g6 2. Nc3 Bg7 3. g3 c5 4. Bg2 Nc6 5. e3 Nh6 6. Nge2 Nf5 7. a3 O-O {A36: Symmetrical English vs ...g6: 4 Bg2 Bg7} 8. Rb1 d6 (8... a5 9. Nb5 e6 10. Nf4 a4 11. O-O d6 12. d3 Nfe7 13. Bd2 e5 14. Ne2 Bg4 15. h3 {1-0 (38) Ten Hertog,H (2453)-Fier,A (2576) Apeldoorn 2018}) 9. O-O Bd7 {White has an edge.} 10. b4 {[%cal Bb2b4,Bb4b5][%mdl 32]} Rb8 11. d3 b6 12. h3 Qc8 $146 ({Predecessor:} 12... a5 13. bxc5 bxc5 14. Nb5 Na7 15. Nec3 Bxc3 16. Nxc3 Rxb1 17. Nxb1 {1-0 (48) Ospennikov,D (2200)-Daminov,O (2199) Kazan 2012}) 13. b5 Na5 14. Bd2 e6 15. Nc1 Ne7 16. e4 Nb7 17. Nb3 Nd8 18. Kh2 e5 19. Nd5 Nxd5 20. exd5 f5 21. f4 Nf7 22. Qe2 a5 23. a4 Qc7 24. Qf2 Rbe8 25. Rbe1 Qd8 26. Bc1 Qc8 (26... Bf6 $15) 27. Nd2 $11 Re7 28. Nf3 Rfe8 29. Bb2 exf4 30. gxf4 Rxe1 31. Rxe1 Rxe1 32. Nxe1 Bxb2 33. Qxb2 Qe8 34. Qd2 h6 (34... g5 $5) 35. Nf3 Qe7 36. h4 Kh7 (36... g5 $11) 37. Kg3 Kg8 38. d4 Kh7 39. dxc5 dxc5 40. Qc3 (40. Bf1 $14) 40... g5 41. hxg5 hxg5 42. fxg5 Nxg5 {aiming for ...Ne4+.} 43. Qe5 Ne4+ 44. Kh2 Qf8 45. Bh3 (45. Qf4 {keeps more tension.} Nd6 46. Ne5 Be8 47. Bf3 Qg7 48. Kh3) 45... Qd6 46. Qxd6 Nxd6 {[%mdl 4096] Endgame KBN-KBN} 47. Ne5 Be8 48. Kg3 Kg7 49. Kf4 {Black must now prevent Kg5.} Kf6 50. Bg2 Nf7 51. Nxf7 (51. Nc6 {seems wilder.} Nh8 52. Ke3 Ng6 53. Bf1 Bd7 54. Bd3) 51... Bxf7 {KB-KB} 52. Bh3 Bg6 53. Bf1 Bh7 54. Bd3 Bg6 55. Bc2 Bh7 56. d6 Bg6 57. Bd3 Bh7 $2 {[#]} (57... Bf7 $11 {and Black stays safe.}) 58. Bb1 $2 (58. d7 $1 $18 {[%cal Rd7d8]} Ke7 59. Ke5) 58... Bg6 59. Bd3 Bh7 $2 {[#]} (59... Bf7 $11 {and Black is okay.}) 60. Bc2 $2 (60. d7 $1 $18 {[%cal Rd7d8]} Ke7 61. Ke5 Kxd7 62. Bxf5+ Bxf5 63. Kxf5) 60... Bg6 {The position is equal.} 61. d7 Ke7 62. Kg5 Bf7 63. Bd3 Kxd7 64. Kxf5 {Accuracy: White = 43%, Black = 52%.} 1/2-1/2